000 00486nam a2200181Ia 4500
005 20250326141709.0
008 250326s9999 xx 000 0 und d
037 _aTextbook
040 _aFMSL
_beng
_cFMSL
041 _aeng
_2eng
084 _aX:72 M3
_qFMSL
100 _aRana K C
245 0 _aMacro economic Analysis
_cRana K C; Verma K N
260 _aVishal
_bVishal, Pub. Jalandhar
_c1983
300 _a1236p
942 _cTB
_hX:72 M3
999 _c1291542
_d1291542